000 00805nam a22001935i 4500
001 154061
003 ES-MaACL
005 20250716063310.0
008 940202s1867 sp |||| | spa d
040 _aAS
_bspa
100 1 _aLuanco, José Ramón de,
_d1825-1905
_974486
245 1 0 _aNoticia del aerolito que cayó en las inmediaciones de la ciudad de Oviedo el día 5 de agosto de 1856... /
_cpor José Ramón Luanco.
260 _aMadrid :
_b[s.n.],
_c1867 (
_fImprenta y librería de D. Eusebio Aguado)
300 _a24 p. ;
_c21 cm.
500 _aRevista de los progresos de las ciencias, t. 17, nº 3.
650 4 _aMeteoritos-
_zOviedo.
_9150720
852 _aES-MaACL
_jT-360-F-33
_z-- Enc. hol.
_q-- Falto de la cub. original
_z-- Enc. en un vol. facticio
999 _c154061
_d154061